000 00470nam a2200181 a 4500
001 1772446937718
003 YourLibrary
005 20260302155320.0
008 260302s2005##################000#0#eng##
020 _a9781405310536
082 0 4 _a323.11960
_bRUB
100 1 _aRubel, David,
_eauthor.
245 1 0 _aThe Coming Free :
260 _c2005.
650 0 _aAfrican American civil rights workers.
942 _cENGLISH
040 _aYourLibrary
_beng
_cYourLibrary
999 _c616454
_d616454